| 000 | 00382nam a22001457a 4500 | ||
|---|---|---|---|
| 020 | _a9788131807033 | ||
| 082 |
_a628 _bPUN/WA |
||
| 100 |
_aPunmia,B.C _9473 |
||
| 100 |
_aAshok Kumar,Jain _973 |
||
| 100 |
_aArun,K Jain _9474 |
||
| 245 | _aEnvironmental engineering-I Water Supply Engineering | ||
| 260 |
_aNew Delhi _bLaxmi Publications (P)Ltd _c2012 |
||
| 300 | _a584 | ||
| 942 | _cBK | ||
| 999 |
_c14334 _d14334 |
||